000 00766nam a2200229 a 4500
001 BRCA_5996
005 20190320205307.0
008 290311s1969----enka######---#000-0#eng-#
041 _aeng
044 _aenk
050 4 _aNK1125
_b.I58 1969
245 1 0 _aThe International Antiques Yearbook
_b1970
_cedited by Philip Wilson.
260 _aInglaterra
_bWalker & Company
_c1969
300 _a1008 p.
_bil. (algunas a color)
_c19 cm.
500 _aIncluye índice de especialistas e índice de vendedores
500 _aEstado físico: encuadernado, enero 2013
500 _aDonación Dr. Héctor Rivero Borrell Vázquez
650 1 4 _aAntigüedades
_xColeccionistas y colecciones
_915145
700 1 _aWilson, Philip
_eed.
_915146
902 _aDHR
942 _2lcc
_cB
999 _c5685
_d5685